000 01066cam a22003133u 4500
999 _c3697
_d3697
001 10969981
003 Nust
005 20170105101223.0
006 m d
007 cr n
008 140928s2001 ||||||||s|||||||| ||||| d
020 _a9780821349724
020 _a0821349724
035 _a(WaSeSS)ssib019080712
040 _aWaSeSS
_cWaSeSS
_dWaSeSS
_erda
210 1 0 _aWorld Bank Annual Report 2001 /
245 0 0 _aWorld Bank Annual Report 2001 /
_cWorld Bank.
264 1 _a[Place of publication not identified] :
_bWashington, DC,
_c2001.
336 _atext
_btxt
_2rdacontent
337 _acomputer
_bc
_2rdamedia
338 _aonline resource
_bcr
_2rdacarrier
500 _aTitle from content provider.
506 _aLicense restrictions may limit access.
710 1 _aWorld Bank.
773 0 _tOpen Knowledge Repository
856 4 0 _uhttp://www.columbia.edu/cgi-bin/cul/resolve?clio10969981
_zFull text available from Open Knowledge Repository
910 _aSerials Solutions supplemental brief record
942 _2ddc
_cBK